|
|
|
|
| LEADER |
01003nam a2200241 a 4500 |
| 001 |
GR-MES459 |
| 008 |
991111s gr 000 b eng d |
| 040 |
|
|
|a GrPaTEI
|b gre
|c GR-PaULI
|
| 245 |
0 |
0 |
|a Rotifer and microalgae culture systems :
|b Proceedings of a U.S.- Asia Workshop Honolulu, Hawaii January 28-31, 1991.
|
| 260 |
|
|
|a Wahsington :
|b Argent Laboratories,
|c c1991
|
| 300 |
|
|
|a x, 364σελ. :
|b πιν.
|
| 500 |
|
|
|a Περιλαμβάνει βιβλιογραφικές αναφορές
|
| 650 |
|
4 |
|a ΖΩΟΠΛΑΓΚΤΟΝ
|
| 650 |
|
4 |
|a ΜΙΚΡΟΑΛΓΗ
|
| 650 |
|
4 |
|a ΡΟΤΙΦΕΡ
|
| 650 |
|
4 |
|a Φυτοπλαγκτόν
|
| 700 |
1 |
|
|a Fulks, Wendy
|
| 700 |
1 |
|
|a Main, Kevan L.
|
| 710 |
0 |
|
|a Argent Laboratories
|
| 942 |
|
|
|2 ddc
|
| 952 |
|
|
|0 0
|1 0
|2 ddc
|4 0
|6 595_181000000000000_FUL
|7 0
|9 263694
|a MSLG
|b MSLG
|c BSC
|d 2021-01-17
|e 24
|f 0
|g 0.00
|l 0
|o 595.181 FUL
|p 2420000004771
|r 2021-01-17 00:00:00
|t 1
|w 2021-01-17
|y BK15
|x 19991111 0 1
|x GrPaTEI
|
| 971 |
|
|
|a .b25715008
|b 15-04-20
|c 13-09-16
|
| 999 |
|
|
|c 151822
|d 151822
|